Adele - 19 (Tracks) - Statistics

General Stats
  • This quiz has been taken 4 times
  • The average score is 9 of 12
Answer Stats
Track Number Track Name % Correct
1 Daydreamer
100%
12 Hometown Glory
100%
11 Tired
100%
3 Chasing Pavements
75%
4 Cold Shoulder
75%
7 First Love
75%
6 Melt My Heart to Stone
75%
8 Right as Rain
75%
2 Best for Last
50%
9 Make You Feel My Love
50%
10 My Same
50%
5 Crazy for You
25%
No matching quizzes found
Score Distribution
Percent of People with Each Score
Percentile by Number Answered
Your Score History
You have not taken this quiz